Biggest Trading Partners - Bulgaria - Statistics

General Stats
  • This quiz has been taken 928 times
  • The average score is 16 of 18
Answer Stats
exports imports country % Correct
2580 mil Russia
98%
3556 mil 3788 mil Germany
97%
2090 mil 1796 mil Turkey
97%
656 mil 664 mil United Kingdom
97%
1826 mil 1393 mil Greece
96%
2401 mil 2289 mil Italy
95%
2290 mil 2007 mil Romania
95%
1177 mil 912 mil France
94%
495 mil Serbia
93%
733 mil 1126 mil Spain
93%
481 mil 1147 mil China
90%
648 mil 1169 mil Poland
85%
1104 mil Hungary
80%
508 mil 799 mil Austria
76%
715 mil 672 mil Belgium
76%
706 mil 1057 mil Netherlands
76%
436 mil North Macedonia
74%
445 mil 615 mil Czechia
73%
No matching quizzes found
Score Distribution
Percent of People with Each Score
Percentile by Number Answered
Your Score History
You have not taken this quiz